The University of Chicago Spanish dictionary, Spanish-English, English-Spanish : 2000 new words . latin american usage by country or region (Record no. 36416)

MARC details
000 -LEADER
fixed length control field 00499nam a2200169Ia 4500
020 ## - INTERNATIONAL STANDARD BOOK NUMBER
ISBN 0671805592
050 ## - CALL MARK
Classification number PC 4640 .C37/
100 ## - STATEMENT OF RESPONSIBILITY--MAIN AUTHOR NAME
Personal name Carlos, Castillo
245 #4 - TITLE STATEMENT
Title The University of Chicago Spanish dictionary, Spanish-English, English-Spanish : 2000 new words . latin american usage by country or region
260 ## - PUBLICATION, DISTRIBUTION, ETC. (IMPRINT)
Place of publication New York
260 ## - PUBLICATION, DISTRIBUTION, ETC. (IMPRINT)
Name of publisher Pocket Books
260 ## - PUBLICATION, DISTRIBUTION, ETC. (IMPRINT)
Year of publication 1972
300 ## - PHYSICAL DESCRIPTION
Number of Pages 228 p
942 ## - ADDED ENTRY ELEMENTS (KOHA)
Koha item type Books
Holdings
Withdrawn status Lost status Source of classification or shelving scheme Damaged status Not for loan Permanent Location Current Location Date acquired Accession Number Price effective from Koha item type
    Library of Congress Classification     NILE UNIVERSITY OF NIGERIA - MAIN LIBRARY NILE UNIVERSITY OF NIGERIA - MAIN LIBRARY 04/23/2025 0011785 04/23/2025 Books